| 000 | 00679cam a22002413a 4500 | ||
|---|---|---|---|
| 001 | 15200 | ||
| 003 | PGUSA | ||
| 005 | 20140828083327.0 | ||
| 008 | 050228s2005||||xxu|||||s|||||000 | eng d | ||
| 040 |
_aPGUSA _beng |
||
| 042 | _adc | ||
| 050 | 4 | _aPR | |
| 100 | 1 |
_aRuskin, John, _d1819-1900 |
|
| 245 | 1 | 0 |
_aSelections From the Works of John Ruskin _h[electronic resource] / _cJohn Ruskin |
| 260 |
_bProject Gutenberg, _c2005 |
||
| 506 | _aPublic domain in the USA. | ||
| 516 | _aElectronic text | ||
| 653 | _aArt | ||
| 700 | 1 |
_aTinker, Chauncey Brewster, _d1876-1963 |
|
| 830 | 0 |
_aProject Gutenberg _v15200 |
|
| 856 | 4 | 0 | _uhttp://www.gutenberg.org/ebooks/15200 |
| 942 | _cEB | ||
| 999 |
_c244455 _d244455 |
||